LEADER 01685nam 2200409 450 001 9910821627803321 005 20220829181053.0 010 $a1-119-65497-1 010 $a1-119-65501-3 010 $a1-119-65491-2 035 $a(CKB)4100000010871016 035 $a(MiAaPQ)EBC6186880 035 $a(PPN)251069389 035 $a(EXLCZ)994100000010871016 100 $a20200820d2020 uy 0 101 0 $aeng 135 $aurcnu|||||||| 181 $ctxt$2rdacontent 182 $cc$2rdamedia 183 $acr$2rdacarrier520 200 00$aAlloy materials and their allied applications /$feditors, Inamuddin [et al.] 210 1$aHoboken, New Jersey :$cSrivener Publishing :$cWiley,$d[2020] 210 4$dİ2020 215 $a1 online resource (243 pages) 311 1 $a1-119-65488-2 330 $a"Alloy materials and their allied applications provides an in-depth overview of alloy materials and applications. The 11 chapters focus on the fabrication methods and design of corrosion-resistant, magnetic, biodegradable, and shape memory alloys. The industrial applications in the allied areas, such as biomedical, dental implants, abrasive finishing, surface treatments, photocatalysis, water treatment, and batteries, are discussed in detail. This book will help readers solve fundamental and applied problems faced in the field of allied alloys applications" 606 $aAlloys 615 0$aAlloys. 676 $a669.94 702 $aInamuddin$f1980- 801 0$bMiAaPQ 801 1$bMiAaPQ 801 2$bMiAaPQ 906 $aBOOK 912 $a9910821627803321 996 $aAlloy materials and their allied applications$93914443 997 $aUNINA